Fundamentals of heat and mass transfer (Record no. 71409)

000 -LEADER
fixed length control field 00667nam a22001937a 4500
003 - CONTROL NUMBER IDENTIFIER
control field NUST - PNEC
005 - DATE AND TIME OF LATEST TRANSACTION
control field 20170116181200.0
008 - FIXED-LENGTH DATA ELEMENTS--GENERAL INFORMATION
fixed length control field 160208b xxu||||| |||| 00| 0 eng d
020 ## - INTERNATIONAL STANDARD BOOK NUMBER
International Standard Book Number 9789351114109
040 ## - CATALOGING SOURCE
Transcribing agency LIBRARY
082 ## - DEWEY DECIMAL CLASSIFICATION NUMBER
Classification number 621.4022 GUP
100 ## - MAIN ENTRY--PERSONAL NAME
9 (RLIN) 16299
Personal name Gupta, Mohan
245 ## - TITLE STATEMENT
Title Fundamentals of heat and mass transfer
Statement of responsibility, etc. Mohan Gupta
260 ## - PUBLICATION, DISTRIBUTION, ETC.
Place of publication, distribution, etc. New Delhi:
Name of publisher, distributor, etc. Random Publications;
Date of publication, distribution, etc. c2014
300 ## - PHYSICAL DESCRIPTION
Extent 285 pages
650 ## - SUBJECT ADDED ENTRY--TOPICAL TERM
9 (RLIN) 16300
Topical term or geographic name entry element Heat and mass transfer
General subdivision ME
856 ## - ELECTRONIC LOCATION AND ACCESS
Uniform Resource Identifier <a href="http://www.amazon.com/Fundamentals-Heat-Transfer-Mohan-Gupta/dp/9351114104/ref=sr_1_1?s=books&ie=UTF8&qid=1454929627&sr=1-1&keywords=9789351114109">http://www.amazon.com/Fundamentals-Heat-Transfer-Mohan-Gupta/dp/9351114104/ref=sr_1_1?s=books&ie=UTF8&qid=1454929627&sr=1-1&keywords=9789351114109</a>
942 ## - ADDED ENTRY ELEMENTS (KOHA)
Source of classification or shelving scheme
Koha item type Book
Holdings
Withdrawn status Lost status Source of classification or shelving scheme Materials specified (bound volume or other part) Damaged status Not for loan Permanent Location Current Location Shelving location Date acquired Source of acquisition Cost, normal purchase price Total Checkouts Full call number Barcode Date last seen Cost, replacement price Price effective from Koha item type
      Hardbound     Pakistan Navy Engineering College (PNEC) Pakistan Navy Engineering College (PNEC)   12/07/2015 Capital Book Company / Ref Grant 2236.52   621.4022 GUP PNECLIB-032513 02/08/2016 2236.52 12/07/2015 Book
© 2023 Central Library, National University of Sciences and Technology. All Rights Reserved.